| 000 | 00542nam a2200205Ia 4500 | ||
|---|---|---|---|
| 008 | 220216s9999 xx 000 0 und d | ||
| 100 | _aGeorge S | ||
| 245 | 0 | _aField performance of polybag and root trainer rubber plants at different stages of growth | |
| 260 |
_bRubber Science _c2013 |
||
| 300 | _a197-203 | ||
| 650 | _agrowth | ||
| 650 | _aimmature rubber | ||
| 650 | _anumber of whorls | ||
| 650 | _apolybag | ||
| 650 | _aroot trainer | ||
| 700 | _aIdicula S P | ||
| 700 | _aSoman T A | ||
| 700 | _aSyamala V K | ||
| 942 | _cJS | ||
| 999 |
_c59391 _d59391 |
||